| 000 | 00614nam a2200205Ia 4500 | ||
|---|---|---|---|
| 003 | GCL | ||
| 008 | 140319s9999 xx 000 0 ara d | ||
| 020 | _a5419316977 | ||
| 040 |
_aGCL / _cGCL |
||
| 082 | 0 | 4 |
_a813.03 _bا ث |
| 100 | 1 | _aاحسان عبدالقدوس | |
| 245 | 1 | 0 |
_aثقوب فى الثوب الاسود / _cاحسان عبدالقدوس |
| 260 |
_aالقاهرة : _bمكتبة مصر |
||
| 300 |
_a246 ص ؛ _c18 سم |
||
| 490 | _a | ||
| 650 | 0 | 4 | _aالادب العربى |
| 650 | 0 | 4 | _aالقصص العربية |
| 650 | 0 | 4 | _aالقصص العربية - مجموعات |
| 942 |
_2ddc _cBK |
||
| 999 |
_c57764 _d57764 |
||